Представление документа в формате MARC21

Поле Инд. ПП Название Значение
Тип записи a
Библиографический уровень m
001 Контрольный номер 35da8721e56d4b2d924190e34d4ed05e
005 Дата корректировки 20250530144544.6
020 a ISBN 5-05-002424-2
040 b Код языка каталог. rus
041 0_ a Код языка текста rus
a Код языка текста eng
084 a Индекс другой классификации/Индекс ББК 84(4Вел)-51я43; 84(4Вел)4-51я43; 84(4Вел)5-51я43
090 a Полочн. индекс 84(4Вел)-51я43
x Авторский знак А 647
245 10 a Заглавие Английский сонет XVI-XIX веков
b Продолж. заглавия сборник
h Физич. носитель Текст
c Ответственность составление А. Л. Зорина; предисловие А. Н. Горбунова; комментарии Ж. А. Красновой; редактор К. Н. Атарова; художник Е. М. Белоусова
246 01 a Другая форма заглавия English Sonnets
260 a Место издания Москва
b Издательство Радуга
c Дата издания 1990
300 a Объем 698 с.
336 a Термин вида содержания Текст
337 a Термин типа средства непосредственный
504 a Библиография Коммент.: с. 605
650 04 a Основная рубрика художественная литература
653 0_ a Ключевые слова XIX век
a Ключевые слова XVI век
a Ключевые слова XVII век
a Ключевые слова XVIII век
a Ключевые слова английская литература
a Ключевые слова Англия
a Ключевые слова Великобритания
655 a Жанр/ форма (устаревшее) поэзия
a Жанр/ форма (устаревшее) сонет
700 12 a Автор Зорина А. Л.
e Роль лиц составитель
700 12 a Автор Горбунова А. Н.
e Роль лиц автор предисловия
700 12 a Автор Краснова Ж. А.
e Роль лиц автор комментариев
700 12 a Автор Атарова К. Н.
e Роль лиц редактор
700 12 a Автор Белоусова Е. М.
e Роль лиц художник
700 12 a Автор Уайет Т.
700 12 a Автор Говард Г.
700 12 a Автор Гаскойн Дж.
700 12 a Автор Флетчер Дж.
700 12 a Автор Спенсер Э.
700 12 a Автор Рэли У.
700 12 a Автор Сидни Ф.
700 12 a Автор Гревилл Ф.
700 12 a Автор Чапмен Дж.
700 12 a Автор Бест Ч.
700 12 a Автор Гриффин Б.
700 12 a Автор Смит У.
700 12 a Автор Констебл Г.
700 12 a Автор Дэниэлс С.
700 12 a Автор Дрейтон М.
700 12 a Автор Шекспир У.
700 12 a Автор Дэвис Дж.
700 12 a Автор Барнс Б.
700 12 a Автор Донн Дж.
700 12 a Автор Барнфилд Р.
700 12 a Автор Драммонд У.
700 12 a Автор Герберт Дж.
700 12 a Автор Мильтон Дж.
700 12 a Автор Воэн Г.
700 12 a Автор Грей Т.
700 12 a Автор Купер У.
700 12 a Автор Бёрнс Р.
700 12 a Автор Боулз У. Л.
700 12 a Автор Вордсворт У.
700 12 a Автор Кольридж С. Т.
700 12 a Автор Хант Л.
700 12 a Автор Байрон Дж. Г.
700 12 a Автор Шелли П. Б.
700 12 a Автор Китс Дж.
700 12 a Автор Браунинг Э. Б.
700 12 a Автор Теннисон А.
700 12 a Автор Мередит Дж.
700 12 a Автор Россетти Д. Г.
700 12 a Автор Россетти К.
700 12 a Автор Батлер С.
700 12 a Автор Хопкинс Дж. М.
700 12 a Автор Уайльд О.
700 12 a Автор Томпсон Ф.
720 a Наименование подборки История литературы стран изучаемого языка
e Признак/вид подборки Тематические подборки
900 a Имя электронного ресурса obl_Angliiskii_sonet
x Справочная информация Обложка
901 t Тип документа m
952 a Тип литературы для КСУ ВШ ЛХИ